| 000 | 01021nam a2200253 i 4500 | ||
|---|---|---|---|
| 001 | 162352 | ||
| 003 | ES-MaACL | ||
| 005 | 20251216175757.0 | ||
| 008 | 040920s1880 sp |||| | spa d | ||
| 040 |
_aCCPB | B _bspa _cCCPB | B |
||
| 245 | 0 | 0 |
_aPoetas bucólicos griegos / _ctraducidos en verso castellano por Ignacio Montes de Oca y Obregón, entre los árcades, Ipandro Acaico, con notas explicativas, críticas y filológicas. |
| 250 | _a2ª ed. | ||
| 260 |
_aMadrid : _b[s.n.], _c1880 ( _fImprenta Central á cargo de Víctor Saiz) |
||
| 300 |
_aLXXII, 424 p. ; _c19 cm. |
||
| 490 | 1 |
_aBiblioteca clásica ; _v29 |
|
| 500 | _aIpandro Acaico es seudónimo de Ignacio Montes de Oca y Obregón. | ||
| 594 | _aTit. en antep.: Bucólicos griegos. | ||
| 597 | _aAntep. | ||
| 700 |
_aMontes de Oca y Obregón, Ignacio, _cObispo de San Luis Potosí _9188277 |
||
| 830 | 0 |
_aBiblioteca clásica ; _v29 _9180370 |
|
| 852 |
_aES-MaACL _jF-13248 _z-- Enc. tela |
||
| 999 |
_c162352 _d162352 |
||